000 00665nam a2200169 4500
999 _c16053
_d16053
008 210216b ||||| |||| 00| 0 eng d
022 _a0732-8435
082 _aDPer 657.05 C33 Sept-Dec 2011, v. 81 n. 9-12
100 _aSchultz, Thomas D.
_943033
245 _aA value-added tax for America?/
_cThomas D. Schultz, Dennis H. Sullivan and Michael S. Gould.
260 _aNew York:
_bThe New York State Society of CPA,
_c©2011.
300 _av81 n10, pages 14-23:
_bcolor illustrations;
_c28 cm.
650 _aTaxation
_zUnited States of America.
_943034
700 _aSullivan, D. H.
_eAuthor.
_943035
700 _aGould, M. S.
_eAuthor.
_943036
942 _2ddc
_cPER